Atlas of operative technic anus, rectum and colon / (Record no. 861968)

MARC details
000 -LEADER
fixed length control field 00899nam a2200301 a 4500
001 - CONTROL NUMBER
control field vtls001408404
003 - CONTROL NUMBER IDENTIFIER
control field NLI
005 - DATE AND TIME OF LATEST TRANSACTION
control field 20210627113855.0
008 - FIXED-LENGTH DATA ELEMENTS--GENERAL INFORMATION
fixed length control field 121127s1954 xx 000 0 eng
020 ## - INTERNATIONAL STANDARD BOOK NUMBER
Terms of availability USD 13.50
039 #9 - LEVEL OF BIBLIOGRAPHIC CONTROL AND CODING DETAIL [OBSOLETE]
-- 201211272050
-- VLOAD
040 ## - CATALOGING SOURCE
Original cataloging agency NLI
Language of cataloging eng
Transcribing agency Datasoft_2012
Description conventions AACR2
041 0# - LANGUAGE CODE
Language code of text/sound track or separate title eng
044 ## - COUNTRY OF PUBLISHING/PRODUCING ENTITY CODE
MARC country code xx
082 04 - DEWEY DECIMAL CLASSIFICATION NUMBER
Classification number 617.4
100 1# - MAIN ENTRY--PERSONAL NAME
Personal name Bacon, Harry E,
Relationship edt
9 (RLIN) 986139
245 10 - TITLE STATEMENT
Title Atlas of operative technic anus, rectum and colon /
Statement of responsibility, etc. by Harry E. Bacon and Stuart T. Ross
260 ## - PUBLICATION, DISTRIBUTION, ETC.
Place of publication, distribution, etc. Mosby :
Name of publisher, distributor, etc. St. Louis,
Date of publication, distribution, etc. 1954
300 ## - PHYSICAL DESCRIPTION
Extent 301 p. ;
Dimensions 29 cm.
650 #0 - SUBJECT ADDED ENTRY--TOPICAL TERM
Topical term or geographic name entry element Chest
General subdivision Surgery
9 (RLIN) 777763
650 #0 - SUBJECT ADDED ENTRY--TOPICAL TERM
Topical term or geographic name entry element Cardiovascular system
General subdivision Surgery
9 (RLIN) 986140
700 1# - ADDED ENTRY--PERSONAL NAME
Personal name Ross, Stuart T,
Relationship jt. aut
9 (RLIN) 986141
887 ## - NON-MARC INFORMATION FIELD
Content of non-MARC field
901 ## - LOCAL DATA ELEMENT A, LDA (RLIN)
a WL3978
b 13.07.1956
902 ## - LOCAL DATA ELEMENT B, LDB (RLIN)
a E/O 617.4 B 133
949 ## - LOCAL PROCESSING INFORMATION (OCLC)
-- VIRTUAITEM
-- 10000
-- 100
6 WLX000003978ENG
942 ## - ADDED ENTRY ELEMENTS (KOHA)
Source of classification or shelving scheme Dewey Decimal Classification
Koha item type Books
Holdings
Withdrawn status Lost status Damaged status Not for loan Collection code Home library Current library Shelving location Date acquired Total Checkouts Full call number Barcode Date last seen Price effective from Koha item type
        New English Oversized National Library of India National Library of India New English Oversized - Main Stack Division     E/O 617.4 B 133 WLX000003978ENG 27/06/2021 27/06/2021 Books
                                                                           
web counter

Copyright ©2020 The National Library of India, Govt. of India ↔ Hosted by NVLI, MOC ↔ Technology and Design by National Library of India, Ministry of Culture, Govt. of India